000 00600nam a2200241 i 4500
001 bg
100 1 _aBURK, Robin K.
245 1 0 _aUNIX Internet :
_bksięga eksperta /
_cRobin K. Burk.
260 _aGliwice :
_bHelion,
_c1999.
300 _a1195 s. ;
_c25 cm +
_eCD-ROM.
504 _aIndeks.
650 9 _aUNIX
650 9 _aInternet
655 _aPodręczniki
700 1 _aHORVATH, David
020 _a8371970730
040 _cBPK
041 1 _apl
_hen
080 _a004.451Unix:004.738.5](07)
920 _a83-7197-073-0
942 _cKS
008 s pl f |000 0 pol
999 _c34666
_d34666
856 _uhttp://koha.tu.koszalin.pl/cgi-bin/koha/opac-detail.pl?biblionumber=34666
_yKatalog online BPK